000
00348nam a2200145Ia 4500
003
SEM
008
141116s9999 xx 000 0 und d
080
_a
Խաչ 519
100
_a
Ավագյան Խաչատուր
245
_a
Գրիգոր Տեր-Գրիգորյան
260
_a
Երևան
260
_c
1983
300
_a
99
942
_2
udc
_c
BK
999
_c
47422
_d
47422